000 00575nam a2200205Ia 4500
003 OSt
005 20230424114915.0
008 210423s2011 xx 000 0 und d
020 _a9780521671552
040 _cAL
041 _aeng
082 _a809.93592
_223
_b TOWT
100 _aTOWNER (Theresa M).
_992040
245 _aCambridge introduction to William Faulkner.
260 _aNew Delhi
_bCambridge University Press
_c2011
300 _axii112
_bPB
365 _cINR
906 _aCambridge ; Faulkner. ; introduction ; Mann. ; Thomas ; William
942 _2ddc
_cBK
999 _c160930
_d160930